Evropská unie v listopadu

Zasadnutie EÚ. Jednotná mena v rámci EÚ. Práca Európskej komisie. Pretrvávajúca nezamestnanosť v krajinách EÚ. Kritéria získania členstva v EÚ. Perspektívy rozrastajúcej sa EÚ.

Salvato in:
Dettagli Bibliografici
Autore principale: Barták, Karel
Natura: Capitolo di libro
Lingua:ceco
Soggetti:
Tags: Aggiungi Tag
Nessun Tag, puoi essere il primo ad aggiungerne!!

MARC

LEADER 00000naa a2200000 4500
001 r025151
005 20230920093217.9
041 0 |a cze 
044 |a CZ 
245 1 0 |a Evropská unie v listopadu  |c Karel Barták 
520 |a Zasadnutie EÚ. Jednotná mena v rámci EÚ. Práca Európskej komisie. Pretrvávajúca nezamestnanosť v krajinách EÚ. Kritéria získania členstva v EÚ. Perspektívy rozrastajúcej sa EÚ. 
610 2 0 |a Európska únia 
610 2 0 |a konferencie 
610 2 0 |a Európska komisia 
610 2 0 |a ECU 
610 2 0 |a euromena 
610 2 0 |a referendum 
610 2 0 |a inflácia 
610 2 0 |a miera nezamestnanosti 
610 2 0 |a produkt domáci hrubý 
610 2 0 |a SVE 
610 2 0 |a západná Európa 
100 1 |a Barták, Karel